[Event "Tilburg Fontys"]
[Site "Tilburg"]
[Date "1998.10.25"]
[Round "3"]
[White "Kramnik, Vladimir"]
[Black "Lautier, Joel"]
[Result "1-0"]
[WhiteElo "2780"]
[BlackElo "2625"]
[PlyCount "53"]
[EventDate "1998.10.23"]
[Source "www.chesslib.no"]
[SourceDate "2004.05.04"]

1. d4 d5 2. Nf3 c6 3. c4 e6 4. Qc2 dxc4 5. Qxc4 Nf6 6. Bg5 Be7 7. e3 O-O 8. Bd3 h6 9. Bxf6 Bxf6 10. Nc3 Nd7 11. Rd1 Qe7 12. Bb1 e5 13. O-O exd4 14. exd4 Nb6 15. Qd3 g6 16. Rfe1 Qb4 17. Qd2 Nc4 18. Qxh6 Nxb2 19. Bxg6 fxg6 20. Ng5 Bxg5 21. Qxg6+ Kh8 22. Qh5+ Kg7 23. Qxg5+ Kf7 24. Re3 Nxd1 25. Qf4+ Kg6 26. Rg3+ Kh7 27. Qh4# 1-0

[Event "Las Palmas (m/1)"]
[Site "?"]
[Date "1994.??.??"]
[Round "?"]
[White "Karpov, An"]
[Black "Morovic Fernandez, I."]
[Result "1-0"]
[WhiteElo "2740"]
[BlackElo "2605"]
[PlyCount "77"]
[EventDate "1994.??.??"]
[Source "ChessBase"]
[SourceDate "1994.02.01"]

1. c4 Nf6 2. d4 e6 3. Nf3 d5 4. e3 Be7 5. Nbd2 O-O 6. b3 c5 7. Bb2 Nc6 8. Bd3 cxd4 9. exd4 b6 10. O-O Bb7 11. Qe2 Re8 12. Rac1 Bf8 13. Rfd1 dxc4 14. bxc4 g6 15. Nf1 Bg7 16. Ne3 Rc8 17. Bc2 Qe7 18. Bc3 Red8 19. Rb1 Rd7 20. Bd3 Nh5 21. Qb2 Nf4 22. Bf1 Nb8 23. Ne1 Rcd8 24. a4 Nc6 25. g3 Nh5 26. N1c2 Nf6 27. Bg2 Nb8 28. d5 exd5 29. cxd5 Nh5 30. Nd4 Na6 31. a5 Nc5 32. Qc2 Nf6 33. Nc6 Bxc6 34. dxc6 Rxd1+ 35. Rxd1 Rxd1+ 36. Qxd1 Nfe4 37. Nd5 Qe8 38. Bxg7 Kxg7 39. Qd4+ 1-0

[Event "Hallstahammar Open"]
[Site "?"]
[Date "1997.??.??"]
[Round "?"]
[White "Larsson, Olle"]
[Black "Johansson, Kristoffer"]
[Result "1/2-1/2"]
[WhiteElo "2745"]
[BlackElo "2590"]
[PlyCount "100"]
[EventDate "1997.??.??"]
[Source "www.chesslib.no"]
[SourceDate "2004.05.04"]

1. d4 d5 2. Nf3 e6 3. c4 Nf6 4. Bg5 Nbd7 5. e3 h6 6. Bh4 Be7 7. Bd3 dxc4 8. Bxc4 Ne4 9. Bxe7 Qxe7 10. O-O b6 11. Nbd2 Ndf6 12. Nxe4 Nxe4 13. Bd3 Bb7 14. Rc1 O-O 15. Qc2 Ng5 16. Nxg5 Qxg5 17. Be4 Bxe4 18. Qxe4 Qb5 19. b3 Rac8 20. Rfd1 Rfd8 21. h3 Rd7 22. Qc6 Qxc6 23. Rxc6 Rd6 24. Rdc1 Rxc6 25. Rxc6 Kf8 26. b4 a6 27. a4 Ke8 28. Kf1 Kd7 29. Rc2 Kd6 30. Ke2 c5 31. dxc5+ bxc5 32. Rd2+ Ke7 33. bxc5 Rxc5 34. Rd4 Rc2+ 35. Kf3 Ra2 36. g4 f6 37. e4 Ra3+ 38. Kg2 Ra2 39. Kg3 g5 40. Rb4 e5 41. Rb7+ Kf8 42. Rb6 Rxa4 43. Rxf6+ Kg7 44. Re6 Rxe4 45. Rxa6 Rf4 46. Re6 e4 47. Re5 Kf6 48. Re8 Kg7 49. Re6 Kh7 50. Re8 Kg7 1/2-1/2

[Event "XXIV ECC"]
[Site "Kallithea GRE"]
[Date "2008.10.21"]
[Round "5"]
[White "Moiseenko, A1."]
[Black "Galkin, A."]
[Result "1/2-1/2"]
[WhiteElo "2678"]
[BlackElo "2624"]
[PlyCount "53"]
[EventDate "2008.10.17"]
[Source "www.chesslib.no"]
[SourceDate "2004.05.04"]

1. d4 d5 2. c4 e6 3. Nf3 c6 4. e3 Bd6 5. Bd3 f5 6. O-O Nf6 7. b3 Qe7 8. Bb2 O-O 9. Qc1 Ne4 10. Ba3 Nd7 11. Bxd6 Qxd6 12. Nc3 b6 13. Qb2 Bb7 14. Ne2 c5 15. Rfd1 Qe7 16. Rac1 Rfd8 17. cxd5 exd5 18. Ng3 g6 19. Bb5 Ndf6 20. Nxe4 Nxe4 21. Rc2 Rf8 22. dxc5 bxc5 23. Qe5 Qf7 24. Qf4 Qe7 25. Qe5 Qf7 26. Qf4 Qe7 27. Qe5 1/2-1/2

[Event "Linares ESP"]
[Site "Linares ESP"]
[Date "1983.??.??"]
[Round "?"]
[White "Hort, Vlastimil"]
[Black "Karpov, Anatoly"]
[Result "1/2-1/2"]
[WhiteElo "2585"]
[BlackElo "2710"]
[PlyCount "23"]
[EventDate "1983.??.??"]
[Source "www.chesslib.no"]
[SourceDate "2004.05.04"]

1. d4 Nf6 2. c4 e6 3. Nf3 d5 4. Bg5 Be7 5. e3 h6 6. Bh4 O-O 7. Nbd2 Nbd7 8. Rc1 c5 9. cxd5 Nxd5 10. Bxe7 Qxe7 11. Bc4 cxd4 12. a3 1/2-1/2

[Event "President's Cup Elista (1.2)"]
[Site "Elista"]
[Date "1998.??.??"]
[Round "?"]
[White "Salov, Valery"]
[Black "Onischuk, Alexander"]
[Result "1/2-1/2"]
[WhiteElo "2680"]
[BlackElo "2610"]
[PlyCount "96"]
[EventDate "1998.??.??"]
[Source "www.chesslib.no"]
[SourceDate "2004.05.04"]

1. d4 d5 2. c4 e6 3. Nf3 c6 4. Qc2 Bd6 5. g3 f5 6. Bf4 Bxf4 7. gxf4 Nf6 8. e3 O-O 9. Nc3 Nbd7 10. Bd3 Ne4 11. O-O-O b6 12. cxd5 cxd5 13. Kb1 Bb7 14. Bxe4 fxe4 15. Nd2 Ba6 16. Ka1 Bd3 17. Qb3 b5 18. f3 Bc4 19. Nxc4 bxc4 20. Qc2 exf3 21. Rhf1 Rb8 22. Rxf3 Nf6 23. f5 Qe7 24. e4 dxe4 25. Nxe4 exf5 26. Qxc4+ Kh8 27. Nc5 Qd6 28. Rxf5 Qxh2 29. Nd3 Rfc8 30. Rc5 Rd8 31. b3 Qe2 32. Nb2 Qf3 33. d5 Ne4 34. Rc7 Qg2 35. Qd4 Nf2 36. Rd2 Rf8 37. Nd1 Qg3 38. Rc3 Qg4 39. Nxf2 Qxd4 40. Rxd4 Rxf2 41. d6 Rd8 42. Rc7 h5 43. Rxa7 Kh7 44. Re7 Rc8 45. Rc4 Ra8 46. a4 Raf8 47. Rd4 Rg2 48. Re1 Rff2 1/2-1/2

[Event "cs"]
[Site "London cs"]
[Date "1983.??.??"]
[Round "6"]
[White "Korchnoi, Viktor L"]
[Black "Kasparov, Gary"]
[Result "0-1"]
[WhiteElo "2600"]
[BlackElo "2690"]
[PlyCount "25"]
[EventDate "1983.??.??"]
[Source "www.chesslib.no"]
[SourceDate "2004.05.04"]

1. d4 d5 2. c4 e6 3. Nf3 c5 4. cxd5 exd5 5. g3 Nc6 6. Bg2 Nf6 7. O-O Be7 8. Be3 c4 9. Ne5 O-O 10. b3 cxb3 11. Qxb3 Qb6 12. Rc1 Nb8 13. Qxd5 0-1